[Event "Richardson UTD Fall op"]
[Site "Richardson"]
[Date "2014.11.25"]
[Round "8"]
[White "Ghatti, Sanjay"]
[Black "Labedz, Patrycja"]
[Result "1/2-1/2"]
[WhiteElo "2094"]
[BlackElo "2088"]
[PlyCount "90"]
[EventDate "2014.11.21"]
[EventType "swiss"]
[EventRounds "9"]
[EventCountry "USA"]
[SourceTitle "CBM 163 Extra"]
[Source "ChessBase"]
[SourceDate "2014.12.23"]
[SourceVersion "1"]
[SourceVersionDate "2014.12.23"]
[SourceQuality "1"]

1. e4 c5 2. Nf3 a6 3. c4 e6 4. d4 cxd4 5. Nxd4 Qc7 6. Nc3 Nf6 7. Bd3 Bb4 8. 0-0 Nc6 9. Be3 Ne5 10. Rc1 Neg4 11. g3 Nxe3 12. fxe3 b6 13. a3 Bd6 14. Qe2 Bb7 15. b4 h5 16. c5 bxc5 17. bxc5 Be5 18. Na4 h4 19. g4 h3 20. c6 dxc6 21. Kh1 Rh4 22. g5 Nxe4 23. Bxe4 Rxe4 24. Nc5 Rxd4 25. exd4 Bxd4 26. g6 Bxc5 27. gxf7+ Ke7 28. Rxc5 Qd6 29. Qf2 Rf8 30. Kg1 e5 31. Rxe5+ Qxe5 32. Re1 Qxe1+ 33. Qxe1+ Kxf7 34. Qb4 Bc8 35. Qc4+ Kg6 36. Qxc6+ Kh7 37. Qc5 Kg8 38. Qd5+ Kh8 39. a4 Bf5 40. Qc5 Rf6 41. a5 Kh7 42. Kf2 Be4+ 43. Kg3 Bg2 44. Qc2+ Kg8 45. Qc8+ Kh7 1/2-1/2

[Event "Richardson UTD Fall op"]
[Site "Richardson"]
[Date "2014.11.23"]
[Round "5"]
[White "Labedz, Patrycja"]
[Black "Bora, Safal"]
[Result "0-1"]
[WhiteElo "2088"]
[BlackElo "2366"]
[PlyCount "104"]
[EventDate "2014.11.21"]
[EventType "swiss"]
[EventRounds "9"]
[EventCountry "USA"]
[SourceTitle "CBM 163 Extra"]
[Source "ChessBase"]
[SourceDate "2014.12.23"]
[SourceVersion "1"]
[SourceVersionDate "2014.12.23"]
[SourceQuality "1"]

1. d4 Nf6 2. Nf3 g6 3. g3 Bg7 4. Bg2 0-0 5. c4 d5 6. 0-0 dxc4 7. Nbd2 b5 8. a4 c6 9. e4 Bb7 10. Qc2 Na6 11. b3 Nb4 12. Qc3 c5 13. Ba3 a5 14. axb5 Nxe4 15. Nxe4 Bxe4 16. bxc4 cxd4 17. Qe1 Bd3 18. Bxb4 Bxf1 19. Bxe7 Qd7 20. Bxf8 Bxg2 21. Ne5 Bxe5 22. Qxe5 f6 23. Qe7 Qxe7 24. Bxe7 Bf3 25. Bxf6 d3 26. Bg5 a4 27. Ra3 Be4 28. c5 Ra5 29. f3 Bf5 30. g4 Be6 31. Rxd3 a3 32. Bf6 a2 33. b6 Kf7 34. Ba1 Rxc5 35. Rd1 Rb5 36. Kf2 Rxb6 37. Rc1 Rb1 38. Re1 g5 39. Ke2 Bd5 40. Kf2 Bxf3 41. Rg1 Bxg4 42. Bc3 h5 43. Rf1 Kg6 44. Re1 Bf5 45. Rg1 Be4 46. Re1 Kf5 47. h3 Rxe1 48. Kxe1 Bg2 49. h4 gxh4 50. Kf2 h3 51. Kg3 Ke4 52. Kh2 Kd3 0-1

[Event "US Open-113"]
[Site "Vancouver"]
[Date "2012.08.12"]
[Round "9"]
[White "Sohal, Tanraj"]
[Black "Labedz, Patrycja"]
[Result "1-0"]
[WhiteElo "2099"]
[BlackElo "2141"]
[PlyCount "93"]
[EventDate "2012.08.04"]
[EventType "swiss"]
[EventRounds "9"]
[EventCountry "USA"]
[SourceTitle "CBM 149 Extra"]
[Source "ChessBase"]
[SourceDate "2012.08.24"]
[SourceVersion "1"]
[SourceVersionDate "2012.08.24"]
[SourceQuality "1"]

1. d4 d5 2. c4 e6 3. Nf3 c6 4. Qc2 dxc4 5. Qxc4 Nf6 6. g3 Nbd7 7. Bg2 Bd6 8. 0-0 0-0 9. Nc3 h6 10. Rd1 Qe7 11. Nd2 e5 12. Nde4 Nxe4 13. Nxe4 Bc7 14. Be3 Bb6 15. Nc3 Re8 16. d5 Bxe3 17. fxe3 Nb6 18. Qb3 cxd5 19. Nxd5 Nxd5 20. Bxd5 Rb8 21. Rac1 Bh3 22. e4 Kh8 23. Rc3 Rf8 24. Qa3 Qg5 25. Qxa7 f5 26. Qe3 f4 27. Qf2 Rf6 28. Kh1 Qh5 29. Rg1 Bg4 30. gxf4 Rxf4 31. Qg3 g5 32. h3 Rbf8 33. e3 Bf3+ 34. Kh2 R4f6 35. Qxe5 Qg6 36. Rgc1 g4 37. Rc8 Qg7 38. Rxf8+ Qxf8 39. Rc8 Qxc8 40. Qxf6+ Kh7 41. Qf7+ Kh8 42. Qf6+ Kh7 43. Qe7+ Kh8 44. Bb3 Qa8 45. Bf7 Qb8+ 46. e5 Be4 47. hxg4 1-0

[Event "Karvina op"]
[Site "Karvina"]
[Date "2012.07.05"]
[Round "6"]
[White "Labedz, Patrycja"]
[Black "Migdal, Milan"]
[Result "1-0"]
[WhiteElo "2127"]
[BlackElo "1917"]
[PlyCount "71"]
[EventDate "2012.06.30"]
[EventType "swiss"]
[EventRounds "9"]
[EventCountry "CZE"]
[SourceTitle "EXT 2014"]
[Source "ChessBase"]
[SourceDate "2013.11.20"]
[SourceVersion "1"]
[SourceVersionDate "2013.11.20"]
[SourceQuality "1"]

1. d4 Nf6 2. c4 c5 3. d5 b5 4. cxb5 a6 5. b6 d6 6. Nc3 Qxb6 7. Nf3 g6 8. e4 Nbd7 9. Be2 Bg7 10. 0-0 0-0 11. Nd2 Qc7 12. Qc2 Nb6 13. a4 a5 14. Rb1 e6 15. Nb5 Qe7 16. dxe6 Bxe6 17. b3 Nfd7 18. Nf3 Ne5 19. Rd1 Rfd8 20. Bf4 f6 21. Rbc1 g5 22. Be3 Nc6 23. Rd2 Nc8 24. Qd1 Bf8 25. h3 Qf7 26. Rc3 d5 27. exd5 Rxd5 28. Rxd5 Bxd5 29. Nc7 Qxc7 30. Qxd5+ Kg7 31. Bc4 Be7 32. Qf7+ Kh6 33. Bd3 Bd8 34. Qe6 Kg7 35. Rxc5 Nd6 36. Bb5 1-0

[Event "Karvina op"]
[Site "Karvina"]
[Date "2012.07.01"]
[Round "2"]
[White "Labedz, Patrycja"]
[Black "Kociscak, Jiri"]
[Result "0-1"]
[WhiteElo "2127"]
[BlackElo "2412"]
[PlyCount "86"]
[EventDate "2012.06.30"]
[EventType "swiss"]
[EventRounds "9"]
[EventCountry "CZE"]
[SourceTitle "EXT 2014"]
[Source "ChessBase"]
[SourceDate "2013.11.20"]
[SourceVersion "1"]
[SourceVersionDate "2013.11.20"]
[SourceQuality "1"]

1. d4 Nf6 2. Nf3 c5 3. c3 d5 4. e3 e6 5. Bd3 Nbd7 6. Nbd2 Bd6 7. 0-0 0-0 8. e4 cxd4 9. cxd4 dxe4 10. Nxe4 Nxe4 11. Bxe4 Nf6 12. Bg5 Be7 13. Bxf6 Bxf6 14. Qd3 g6 15. Ne5 Qb6 16. Rfd1 Rd8 17. Qc3 Bd7 18. Qf3 Kg7 19. Nxd7 Rxd7 20. d5 e5 21. Qc3 Rc7 22. Qa3 Rd8 23. h3 Bg5 24. Qg3 Bf4 25. Qh4 Rc4 26. Re1 Re8 27. b3 Rb4 28. g3 Bh6 29. g4 Bf4 30. Rad1 h6 31. Kg2 Qa5 32. Re2 Rd4 33. Rxd4 exd4 34. f3 Qa6 35. Qf2 Qf6 36. Rc2 h5 37. Rc4 hxg4 38. hxg4 Rh8 39. Qxd4 Be5 40. Qg1 Qf4 41. Kf1 Rh2 42. a4 Qd2 43. Rc2 Qd1# 0-1

[Event "Orlova (Women)"]
[Site "Orlova"]
[Date "2011.05.27"]
[Round "7"]
[White "Labedz, Patrycja"]
[Black "Cyfka, Karina"]
[Result "0-1"]
[WhiteElo "2108"]
[BlackElo "2336"]
[PlyCount "66"]
[EventDate "2011.05.21"]
[EventType "tourn"]
[EventRounds "9"]
[EventCountry "CZE"]
[SourceTitle "CBM 142 Extra"]
[Source "ChessBase"]
[SourceDate "2011.06.27"]
[SourceVersion "1"]
[SourceVersionDate "2011.06.27"]
[SourceQuality "1"]

1. d4 d6 2. e4 Nf6 3. Nc3 Nc6 4. Nf3 Bg4 5. d5 Nb8 6. h3 Bxf3 7. Qxf3 g6 8. g4 Bg7 9. Bb5+ Nfd7 10. Bf4 a6 11. Bxd7+ Nxd7 12. Qe3 h5 13. g5 c5 14. a4 b5 15. 0-0 b4 16. Nd1 0-0 17. Rb1 c4 18. Qe2 Qc7 19. Ne3 Rfc8 20. b3 cxb3 21. cxb3 Nc5 22. Rfc1 Qd7 23. Nc4 Qxh3 24. Nb6 Nd3 25. Rxc8+ Rxc8 26. Be3 Ne5 27. Nxc8 Nf3+ 28. Qxf3 Qxf3 29. Nxe7+ Kh7 30. Nc6 Qxe4 31. Rc1 Bc3 32. Nb8 Qxd5 33. Nxa6 Qb7 0-1

[Event "Orlova (Women)"]
[Site "Orlova"]
[Date "2011.05.26"]
[Round "6"]
[White "Miturova, Magdalena"]
[Black "Labedz, Patrycja"]
[Result "0-1"]
[WhiteElo "2103"]
[BlackElo "2108"]
[PlyCount "70"]
[EventDate "2011.05.21"]
[EventType "tourn"]
[EventRounds "9"]
[EventCountry "CZE"]
[SourceTitle "CBM 142 Extra"]
[Source "ChessBase"]
[SourceDate "2011.06.27"]
[SourceVersion "1"]
[SourceVersionDate "2011.06.27"]
[SourceQuality "1"]

1. e4 c5 2. Nf3 a6 3. c3 d5 4. exd5 Qxd5 5. d4 Nf6 6. Be2 e6 7. 0-0 Be7 8. dxc5 Qxc5 9. c4 0-0 10. Nc3 e5 11. a3 Be6 12. b4 Qc7 13. Bb2 Nc6 14. Qc2 Rad8 15. Rac1 Qc8 16. Nd1 e4 17. Ng5 Bf5 18. Bxf6 Bxf6 19. Nxe4 Bg5 20. f4 Nd4 21. Qa2 Bxe4 22. fxg5 Nxe2+ 23. Qxe2 Bd3 24. Qf3 Bxf1 25. Qxf1 Qg4 26. Ne3 Qxg5 27. Nd5 h6 28. Rc3 b5 29. Rg3 Qe5 30. Re3 Qd4 31. Ne7+ Kh8 32. Nf5 Qxc4 33. Qa1 Qg4 34. Qe5 Rd1+ 35. Kf2 Rd2+ 0-1

[Event "Orlova (Women)"]
[Site "Orlova"]
[Date "2011.05.23"]
[Round "3"]
[White "Jakubiec, Edyta"]
[Black "Labedz, Patrycja"]
[Result "1-0"]
[WhiteElo "2206"]
[BlackElo "2108"]
[PlyCount "149"]
[EventDate "2011.05.21"]
[EventType "tourn"]
[EventRounds "9"]
[EventCountry "CZE"]
[SourceTitle "CBM 142 Extra"]
[Source "ChessBase"]
[SourceDate "2011.06.27"]
[SourceVersion "1"]
[SourceVersionDate "2011.06.27"]
[SourceQuality "1"]

1. d4 d5 2. c4 c6 3. cxd5 cxd5 4. Nc3 Nc6 5. Bf4 a6 6. e3 Nf6 7. Bd3 Bg4 8. Nge2 e6 9. 0-0 Bd6 10. f3 Bh5 11. Rc1 Rc8 12. Qb3 Rb8 13. Na4 0-0 14. Nc5 Na5 15. Qc3 Bxf4 16. Nxf4 Bg6 17. Nxg6 hxg6 18. b4 Nc6 19. Nxb7 Rxb7 20. Qxc6 Rxb4 21. Qxa6 Nd7 22. Qd6 Rb6 23. Qc7 Qg5 24. Rfe1 Qe7 25. a4 Rfb8 26. Bb5 R6b7 27. Qc6 Nb6 28. Qc5 Qh4 29. Qd6 Nc8 30. Qe5 Na7 31. g3 Qd8 32. Ba6 Rb6 33. Bf1 Nc6 34. Qf4 Ra8 35. Bb5 g5 36. Qg4 Na7 37. Bd3 Nc8 38. Qh3 g6 39. Bb5 Nd6 40. Qf1 Qb8 41. Bc6 Raa6 42. Rb1 Qc7 43. Bb5 Ra5 44. Rec1 Qb8 45. Qe1 Ra7 46. Rc6 Rab7 47. Rxb6 Rxb6 48. Bd3 Rb3 49. a5 Rxb1 50. Qxb1 Qc7 51. a6 Kg7 52. Kf2 Kh7 53. Qa2 Nc8 54. Qc2 Qb8 55. Qc6 Na7 56. Qb7 Qxb7 57. axb7 Nc6 58. Bb5 Nb8 59. Ke2 Kg7 60. Kd3 Kf8 61. Kc3 Ke7 62. Kb4 Kd6 63. Ka5 Kc7 64. Be8 f6 65. Bf7 Kxb7 66. Bxe6 Kc6 67. Bf7 Kd6 68. Bxg6 Nc6+ 69. Kb6 Ne7 70. Bd3 Nc6 71. Bb1 Nd8 72. h4 Nf7 73. h5 Nh6 74. g4 Nf7 75. Bf5 1-0

[Event "POL-chT 2st League"]
[Site "Mrzezyno"]
[Date "2010.09.08"]
[Round "5.30"]
[White "Wisniowska, Klaudia"]
[Black "Labedz, Patrycja"]
[Result "1/2-1/2"]
[WhiteElo "2009"]
[BlackElo "2111"]
[PlyCount "107"]
[EventDate "2010.09.04"]
[EventType "team-swiss"]
[EventRounds "9"]
[EventCountry "POL"]
[SourceTitle "EXT 2019"]
[Source "ChessBase"]
[SourceDate "2018.10.10"]
[SourceVersion "1"]
[SourceVersionDate "2018.10.10"]
[SourceQuality "1"]
[WhiteTeam "Gorzow Wielkopolski Stilon II"]
[BlackTeam "Jaworzno JKSz MCKiS"]
[WhiteTeamCountry "POL"]
[BlackTeamCountry "POL"]

1. e4 c5 2. Nf3 Nc6 3. d4 cxd4 4. Nxd4 e5 5. Nb5 d6 6. N1c3 a6 7. Na3 b5 8. Nd5 Nce7 9. Bg5 h6 10. Bxb5+ axb5 11. Nxb5 Ra6 12. Ndc7+ Kd7 13. c3 hxg5 14. Nxa6 Qb6 15. Nac7 Nf6 16. Qd2 Bb7 17. f3 Nc8 18. a4 Bc6 19. a5 Qb8 20. a6 Na7 21. c4 Be7 22. Nxa7 Qxa7 23. Nb5 Qb6 24. Qf2 Qxf2+ 25. Kxf2 Bxb5 26. cxb5 Bd8 27. Ke2 Bb6 28. Ra4 Ke6 29. Rc1 Nd7 30. h3 Rb8 31. b4 Bd4 32. Rc6 Nb6 33. Rxb6 Bxb6 34. a7 Ra8 35. Ra6 Bd4 36. b6 Bxb6 37. Rxb6 Rxa7 38. b5 Ra2+ 39. Kf1 Rb2 40. Rb7 g6 41. b6 f5 42. Rb8 Kd7 43. b7 Kc7 44. Rg8 Rxb7 45. Rxg6 fxe4 46. Rg7+ Kc6 47. Rxb7 Kxb7 48. fxe4 Kc6 49. Ke2 d5 50. exd5+ Kxd5 51. Ke3 e4 52. g3 Ke5 53. h4 gxh4 54. gxh4 1/2-1/2

[Event "POL-chT 2st League"]
[Site "Mrzezyno"]
[Date "2010.09.05"]
[Round "2.12"]
[White "Labedz, Patrycja"]
[Black "Krestianova, Tatiana"]
[Result "1/2-1/2"]
[WhiteElo "2111"]
[BlackElo "2180"]
[PlyCount "81"]
[EventDate "2010.09.04"]
[EventType "team-swiss"]
[EventRounds "9"]
[EventCountry "POL"]
[SourceTitle "EXT 2019"]
[Source "ChessBase"]
[SourceDate "2018.10.10"]
[SourceVersion "1"]
[SourceVersionDate "2018.10.10"]
[SourceQuality "1"]
[WhiteTeam "Jaworzno JKSz MCKiS"]
[BlackTeam "Ostroda Ostrodzianka"]
[WhiteTeamCountry "POL"]
[BlackTeamCountry "POL"]

1. e4 e5 2. Nf3 Nf6 3. d4 Nxe4 4. Bd3 Nc6 5. Nxe5 Nxe5 6. Bxe4 Ng6 7. Nc3 Bb4 8. 0-0 Bxc3 9. bxc3 0-0 10. c4 d6 11. Rb1 Rb8 12. f4 f5 13. Bd5+ Kh8 14. Rb3 Ne7 15. Bf3 Ng8 16. Bb2 b6 17. Be2 Re8 18. Rh3 Nf6 19. d5 Kg8 20. Bd3 Ng4 21. Bd4 Qe7 22. Qa1 Qf7 23. Rg3 Rf8 24. Re1 Bd7 25. Re2 a5 26. h3 Nf6 27. Ree3 g6 28. Re1 Nh5 29. Rf3 Rbe8 30. g3 Rxe1+ 31. Qxe1 Re8 32. Re3 Rxe3 33. Qxe3 Qe8 34. Qxe8+ Bxe8 35. Kf2 Kf7 36. Kf3 Nf6 37. g4 Bd7 38. gxf5 Bxf5 39. h4 h5 40. Bb2 Nd7 41. Ke3 1/2-1/2

[Event "POL-chT 2st League"]
[Site "Mrzezyno"]
[Date "2010.09.04"]
[Round "1.90"]
[White "Kasperek, Joanna"]
[Black "Labedz, Patrycja"]
[Result "0-1"]
[WhiteElo "2018"]
[BlackElo "2111"]
[PlyCount "104"]
[EventDate "2010.09.04"]
[EventType "team-swiss"]
[EventRounds "9"]
[EventCountry "POL"]
[SourceTitle "EXT 2019"]
[Source "ChessBase"]
[SourceDate "2018.10.10"]
[SourceVersion "1"]
[SourceVersionDate "2018.10.10"]
[SourceQuality "1"]
[WhiteTeam "Czarna LKSz GCKiP"]
[BlackTeam "Jaworzno JKSz MCKiS"]
[WhiteTeamCountry "POL"]
[BlackTeamCountry "POL"]

1. e4 e6 2. d4 d5 3. Nc3 Nf6 4. Bg5 Bb4 5. exd5 Qxd5 6. Nf3 Ne4 7. Bd2 Bxc3 8. bxc3 Nxd2 9. Qxd2 b6 10. Bd3 Bb7 11. 0-0 Nd7 12. Rfe1 Nf6 13. c4 Qd6 14. Qe2 0-0 15. Rad1 h6 16. c3 Qa3 17. Rc1 Rad8 18. Nd2 c5 19. Nb3 a5 20. dxc5 a4 21. Nd2 Qxc5 22. Ne4 Bxe4 23. Bxe4 Nxe4 24. Qxe4 Rd2 25. Re2 Rfd8 26. h3 Rxe2 27. Qxe2 Rc8 28. Rd1 Qxc4 29. Rd8+ Kh7 30. Qc2+ f5 31. Rxc8 Qxc8 32. Qxa4 Qxc3 33. Qf4 Qa1+ 34. Kh2 Qxa2 35. g4 Qc2 36. Qe3 Qc7+ 37. Kg2 Qc6+ 38. Kg1 b5 39. Qd3 Qc1+ 40. Kg2 Qc4 41. Qg3 b4 42. g5 Qc6+ 43. Kh2 hxg5 44. Qxg5 Qd6+ 45. f4 Qd2+ 46. Kg3 Qe3+ 47. Kg2 Qe2+ 48. Kg3 b3 49. Qh4+ Kg6 50. Qg5+ Kf7 51. Qd8 b2 52. Qd7+ Kg6 0-1

[Event "Wch U20 Girls 28th"]
[Site "Chotowa"]
[Date "2010.08.07"]
[Round "5"]
[White "Rysbayeva, Aigerim"]
[Black "Labedz, Patrycja"]
[Result "0-1"]
[WhiteElo "2209"]
[BlackElo "2076"]
[PlyCount "94"]
[EventDate "2010.08.03"]
[EventType "swiss"]
[EventRounds "13"]
[EventCountry "POL"]
[SourceTitle "CBM 137 Extra"]
[Source "ChessBase"]
[SourceDate "2010.09.01"]
[SourceVersion "1"]
[SourceVersionDate "2010.09.01"]
[SourceQuality "1"]

1. e4 c5 2. Nf3 Nc6 3. d4 cxd4 4. Nxd4 e5 5. Nb5 d6 6. N1c3 a6 7. Na3 b5 8. Nd5 Nce7 9. c4 Nxd5 10. exd5 bxc4 11. Nxc4 Nf6 12. Bd3 Be7 13. 0-0 0-0 14. Bd2 Bb7 15. Ba5 Qb8 16. Nb6 Ra7 17. Bc4 Bd8 18. Qe1 Bc8 19. Nxc8 Bxa5 20. Ne7+ Rxe7 21. Qxa5 Rc8 22. b3 Rc5 23. Qd2 Qb7 24. Rfd1 a5 25. Rac1 g6 26. a3 Rec7 27. Qg5 Kg7 28. Rd3 h6 29. Qd2 Nxd5 30. g3 Nf6 31. Rd1 a4 32. Rxd6 Ne4 33. Bd5 Rxd5 34. Qxd5 Nxd6 35. Qxe5+ Kh7 36. Qxd6 axb3 37. Rb1 Rc3 38. Qb4 Qf3 39. Qf4 Qd5 40. Qb4 Qd3 41. Re1 Rc2 42. Qb7 Qf5 43. f3 Qc5+ 44. Kh1 Kg7 45. Re7 Qc4 46. Re1 b2 47. Qb8 Qc3 0-1

[Event "POL-chT U19 41st"]
[Site "Ustron"]
[Date "2010.07.07"]
[Round "2"]
[White "Labedz, Patrycja"]
[Black "Iwanow, Anna"]
[Result "1/2-1/2"]
[WhiteElo "2076"]
[BlackElo "2097"]
[PlyCount "106"]
[EventDate "2010.07.06"]
[EventType "team-tourn"]
[EventRounds "9"]
[EventCountry "POL"]
[SourceTitle "EXT 2019"]
[Source "ChessBase"]
[SourceDate "2018.10.10"]
[SourceVersion "1"]
[SourceVersionDate "2018.10.10"]
[SourceQuality "1"]
[WhiteTeam "Jaworzno JKSz MCKiS U19"]
[BlackTeam "Wroclaw Polonia U19"]
[WhiteTeamCountry "POL"]
[BlackTeamCountry "POL"]

1. e4 e5 2. Nf3 Nc6 3. Bb5 a6 4. Bxc6 dxc6 5. 0-0 Bg4 6. h3 h5 7. d3 Qf6 8. Nbd2 Ne7 9. Nc4 Bxf3 10. Qxf3 Qxf3 11. gxf3 Ng6 12. Rd1 0-0-0 13. Kf1 Be7 14. Be3 c5 15. Ke2 b6 16. a4 Rd7 17. Rg1 Bf6 18. Rad1 Rhd8 19. Na3 Nf8 20. Nb1 Ne6 21. Nc3 c6 22. Ke1 Be7 23. Ne2 Bd6 24. Ra1 Kb7 25. Kf1 g6 26. b3 Rg8 27. Ng3 Rdd8 28. Rb1 a5 29. Ra1 Bc7 30. Rb1 Rh8 31. Ne2 Rd7 32. Ra1 Bd6 33. Rb1 Rg8 34. Ng3 Rb8 35. Ne2 Ka6 36. Ra1 Rbd8 37. Ra2 Bb8 38. Ra1 Rg8 39. Ng3 Rc8 40. Ne2 Rcd8 41. Rb1 Kb7 42. Ra1 Bd6 43. Rb1 Bc7 44. Ra1 Rg8 45. Ng3 Rh8 46. Ne2 Rdd8 47. Rb1 Rdg8 48. Ng3 Ng7 49. Ne2 Ne6 50. Ng3 Rh7 51. Ne2 f6 52. Ng3 Rf7 53. Rc1 Rff8 1/2-1/2